000 00218nam a2200097Ia 4500
008 170619s9999 xx 000 0 und d
100 _aArora
245 0 _aMechanical Engg.
260 _bNew Delhi: Dhanpat Rai
260 _c2002
546 _aENGLISH
999 _c16593
_d16593